Payar Ka Pehla Shehar (Record no. 213780)

000 -LEADER
fixed length control field 00398 a2200169 4500
003 - CONTROL NUMBER IDENTIFIER
control field Nust
005 - DATE AND TIME OF LATEST TRANSACTION
control field 20170207170036.0
022 ## - INTERNATIONAL STANDARD SERIAL NUMBER
International Standard Serial Number 9789693503159
040 ## - CATALOGING SOURCE
Transcribing agency Nust
082 ## - DEWEY DECIMAL CLASSIFICATION NUMBER
Classification number 891.4393
100 ## - MAIN ENTRY--PERSONAL NAME
Personal name Tarar, Mustansar Hussain
245 ## - TITLE STATEMENT
Title Payar Ka Pehla Shehar
Statement of responsibility, etc. Mustansar Hussain Tarar,
260 ## - PUBLICATION, DISTRIBUTION, ETC.
Place of publication, distribution, etc. Lahore
Name of publisher, distributor, etc. Sang-e-Meel
Date of publication, distribution, etc. 2012
300 ## - PHYSICAL DESCRIPTION
Extent 262 p
650 ## - SUBJECT ADDED ENTRY--TOPICAL TERM
Topical term or geographic name entry element Urdu Literatur
651 ## - SUBJECT ADDED ENTRY--GEOGRAPHIC NAME
Geographic name Novel
942 ## - ADDED ENTRY ELEMENTS (KOHA)
Source of classification or shelving scheme
Koha item type Book
Holdings
Withdrawn status Lost status Source of classification or shelving scheme Damaged status Not for loan Collection code Permanent Location Current Location Date acquired Total Checkouts Full call number Barcode Date last seen Price effective from Koha item type
            Military College of Signals (MCS) Military College of Signals (MCS) 12/12/2016   891.4393 TAR MCSNUST 980-1 12/08/2016 12/12/2016 Book
© 2023 Central Library, National University of Sciences and Technology. All Rights Reserved.